Statistics for Classic Punk Rock bands by song

Click here to take the quiz!

General Stats

  • This quiz has been taken 129 times
  • The average score is 5 of 15

Answer Stats

HintAnswer% Correct
Holiday in CambodiaDead Kennedys
85%
Beat on the BratRamones
80%
Police on My BackClash
61%
Suspect DeviceStiff Little Fingers
42%
Sonic ReducerDead Boys
35%
Your GenerationGeneration X
26%
Into the ValleySkids
25%
Lookin' for A KissNew York Dolls
24%
City Baby Attacked by RatsGBH
23%
We BiteMisfits
16%
Right to WorkChelsea
15%
Disco ManDamned
14%
Where Have All the Bootboys Gone?Slaughter & the Dogs
6%
24 Hour PeopleVibrators
5%
Picture My FaceTeenage Head
5%

Score Distribution

Percentile by Number Answered

Percent of People with Each Score

Your Score History

You have not taken this quiz